000 00805nam a22002057a 4500
003 0
005 20250129103551.0
008 150923b xxu||||| |||| 00| 0 eng d
050 _aPGS BF 723.B5
_b.M111 2015
100 _aMaat, Rueben Byron.
245 _aBirth order and academic performance /
_cRueben Byron Maat.
260 _aLas PiƱas City, Philippines :
_bSouthville International School and Colleges,
_c2015.
300 _a51 p. :
_bcol. ill. ;
_c28 cm.
_fPASS
504 _aIncludes bibliographical references.
650 _2Library of Congress Subject Headings
_aBirth order and children.
650 _2Library of Congress Subject Headings
_aAcademic achievement in children.
650 _aChildren
_vPsychology.
650 _aSchool performance
_vPsychological aspects.
942 _2lcc
_cPASS
999 _c288729
_d288729